| 000 -LEADER |
| fixed length control field |
00616nam a22001937a 4500 |
| 005 - DATE AND TIME OF LATEST TRANSACTION |
| control field |
20240801142639.0 |
| 008 - FIXED-LENGTH DATA ELEMENTS--GENERAL INFORMATION |
| fixed length control field |
240801s2023 ge ||||| |||| 00| 0 ger d |
| 020 ## - INTERNATIONAL STANDARD BOOK NUMBER |
| International Standard Book Number |
9783715275215 X |
| 041 ## - LANGUAGE CODE |
| Language code of text/sound track or separate title |
ger |
| 080 ## - UNIVERSAL DECIMAL CLASSIFICATION NUMBER |
| Universal Decimal Classification number |
821.112.1 D-46 |
| 100 ## - MAIN ENTRY--PERSONAL NAME |
| Personal name |
Desarzens, Fanny |
| Dates associated with a name |
(Author) |
| 9 (RLIN) |
23038 |
| 245 ## - TITLE STATEMENT |
| Title |
Berghütte / |
| Statement of responsibility, etc. |
Fanny Desarzens, Claudia Steinitz (Translator) |
| 264 ## - PRODUCTION, PUBLICATION, DISTRIBUTION, MANUFACTURE, AND COPYRIGHT NOTICE |
| Place of production, publication, distribution, manufacture |
Genf: |
| Name of producer, publisher, distributor, manufacturer |
Atlantis Literatur, |
| Date of production, publication, distribution, manufacture, or copyright notice |
2023. |
| 300 ## - PHYSICAL DESCRIPTION |
| Extent |
121 pages:. |
| Other physical details |
19 cm. |
| 653 ## - INDEX TERM--UNCONTROLLED |
| keyword |
Berghütte |
| 653 ## - INDEX TERM--UNCONTROLLED |
| keyword |
მთის ქოხი |
| 700 ## - ADDED ENTRY--PERSONAL NAME |
| Personal name |
Steinitz, Claudia |
| Relator term |
მთარგმნელი |
| 9 (RLIN) |
23039 |
| 942 ## - ADDED ENTRY ELEMENTS (KOHA) |
| Source of classification or shelving scheme |
|
| Koha item type |
წიგნი |